Fictional Characters by Picture - K - Statistics

General Stats
  • This quiz has been taken 33,803 times
  • The average score is 9 of 16
Answer Stats
Picture Answer % Correct
Ken
97%
Kermit the Frog
96%
Kevin McCallister
88%
King Kong
88%
Katniss Everdeen
82%
Krusty the Clown
70%
Kirby
68%
Kylo Ren
66%
Kristoff
56%
Knuckles
55%
Krampus
49%
Kuzco
40%
K.I.T.T.
30%
Khan
25%
Kelly Kapowski
21%
Krang
14%
No matching quizzes found
Score Distribution
Percent of People with Each Score
Percentile by Number Answered
Your Score History
You have not taken this quiz